Top 15 dei paesi con decessi Covid-19 - 29 luglio - Statistics

Statistiche generali
  • Questo quiz è stato fatto 2 volte
  • Il punteggio medio è 15 su 20
Statistiche sulle risposte
nazione % Corretto
Belgio
100%
Francia
100%
Germania
100%
Iran
100%
Italia
100%
Messico
100%
Paesi Bassi
100%
Regno Unito
100%
Russia
100%
Spagna
100%
Stati Uniti
100%
Svezia
100%
Brasile
50%
Cile
50%
India
50%
Irlanda
50%
Perù
50%
Colombia
0%
Ecuador
0%
Panama
0%
Nessun quiz corrispondente trovato
Distribuzione punteggi
Percentuale di utenti per punteggio
Percentile per numero di risposta
I tuoi punteggi nel tempo
Non hai fatto questo quiz